LEADER 01117nam a2200253 i 4500 001 000000107312 003 CaOOAMICUS 005 20031118000000.0 008 031118s2003 it u000 u ita u 013 $a79549 040 $aSeMil$bita 100 1 $aDella Corte, Ernesto.$0(OLS)http://semarc/name/45150 245 13$aIl Dio vivente, Dio dei viventi :$bl'immortalità nel Libro della Sapienza /$cErnesto Della Corte. 260 $aNapoli :$b[s.n.],$c2003. 300 $a156 p. ;$c23 cm. 490 0 $aTesi di dottorato in teologia. Estratti ;$v16. 500 $aContiene : Bibliografia. 650 4$aBibbia - AT - Sapienza - Immortalità.$0(OLS)http://semarc/subject/18771 830 0$aTesi di dottorato in teologia. Estratti ;$v16.$0(OLS)http://semarc/title/520 850 $aSeMil 852 $aSeMil$W1$xVenegono$y1$m2I I 625$j63408$B63408$CSeMilBibl$Z2$F78242 $81 961 $aOmaggio: Fumagalli don Aristide 996 $6245$aIl Dio vivente, Dio dei viventi :$bl'immortalità nel Libro della Sapienza$9(OLS)http://semarc/title/155708 996 $6260$aNapoli :$b[s.n.]$9(OLS)http://semarc/publisher/30462 LEADER 01032nam a2200229 i 4500 001 000000337986 003 CaOOAMICUS 005 20191113160023.0 008 191113s1942 it u000 u ita u 013 $a198471 040 $aSeMil$bita 245 10$a16: Il fuoco :$b I romanzi del melagrano /$cGabriele D'Annunzio. 260 $a[Gardone Riviera] :$bIl vittoriale degli italiani,$c1942. 300 $a519 p. ;$c21 cm. 700 1 $aD'Annunzio, Gabriele,$d<1863-1938>.$0(OLS)http://semarc/name/1300 773 0 $aD'Annunzio, Gabriele <1863-1938>$tOpere di Gabriele D'Annunzio.$d[Gardone Riviera] : Il vittoriale degli italiani, 1939-$w()28298 850 $aSeMil 852 $aSeMil$W1$xVenegono$y1$m1A VI 176$j218214$B230199$CSeMilBibl$Z2$F230199 $81 961 $aDono del dr. Guido Sagramoso 996 $6245$a16: Il fuoco :$b I romanzi del melagrano$9(OLS)http://semarc/title/426896 996 $6260$a[Gardone Riviera] :$bIl vittoriale degli italiani$9(OLS)http://semarc/publisher/58665